<?xml version="1.0" encoding="UTF-8"?>
<record
    xmlns:xsi="http://www.w3.org/2001/XMLSchema-instance"
    xsi:schemaLocation="http://www.loc.gov/MARC21/slim http://www.loc.gov/standards/marcxml/schema/MARC21slim.xsd"
    xmlns="http://www.loc.gov/MARC21/slim">

  <leader>01070cas a2200265Ka 4500</leader>
  <controlfield tag="001">2747311</controlfield>
  <controlfield tag="005">20200421093819.0</controlfield>
  <controlfield tag="008">941111c19uu9999stkwr ne      0    0eng d</controlfield>
  <datafield tag="043" ind1=" " ind2=" ">
    <subfield code="a">e-uk-st</subfield>
  </datafield>
  <datafield tag="245" ind1="0" ind2="4">
    <subfield code="a">The Strathearn herald.</subfield>
  </datafield>
  <datafield tag="260" ind1=" " ind2=" ">
    <subfield code="a">Crieff :</subfield>
    <subfield code="b">D. Phillips,</subfield>
  </datafield>
  <datafield tag="300" ind1=" " ind2=" ">
    <subfield code="a">v. :</subfield>
    <subfield code="b">ill. ;</subfield>
    <subfield code="c">46-61 cm.</subfield>
  </datafield>
  <datafield tag="310" ind1=" " ind2=" ">
    <subfield code="a">Weekly</subfield>
  </datafield>
  <datafield tag="500" ind1=" " ind2=" ">
    <subfield code="a">Description based on: No. 5016 (3rd Jan. 1953).</subfield>
  </datafield>
  <datafield tag="510" ind1="4" ind2=" ">
    <subfield code="a">North, J.S.  Scottish newspapers,</subfield>
    <subfield code="c">1468</subfield>
  </datafield>
  <datafield tag="530" ind1=" " ind2=" ">
    <subfield code="a">5th Jan. 1996-</subfield>
    <subfield code="a">Also available on 35 mm microfilm;</subfield>
    <subfield code="b">Edinburgh : Scottish Newspapers Microfilming Unit.</subfield>
  </datafield>
  <datafield tag="651" ind1=" " ind2="0">
    <subfield code="a">Crieff (Scotland)</subfield>
    <subfield code="v">Newspapers.</subfield>
    <subfield code="9">535</subfield>
  </datafield>
  <datafield tag="651" ind1=" " ind2="0">
    <subfield code="a">Perthshire (Scotland)</subfield>
    <subfield code="v">Newspapers.</subfield>
    <subfield code="9">536</subfield>
  </datafield>
  <datafield tag="651" ind1=" " ind2="0">
    <subfield code="a">Tayside (Scotland)</subfield>
    <subfield code="v">Newspapers.</subfield>
    <subfield code="9">537</subfield>
  </datafield>
  <datafield tag="710" ind1="2" ind2=" ">
    <subfield code="a">Scottish Newspapers Microfilming Unit.</subfield>
    <subfield code="5">NLS</subfield>
    <subfield code="9">532</subfield>
  </datafield>
  <datafield tag="780" ind1="0" ind2="0">
    <subfield code="t">Strathearn herald and general advertiser for Crieff, Comrie, Auchterarder, Braco, Muthil, Fowlis, Aberfeldy, Killin, Dunning, Blackford. &amp;c.</subfield>
  </datafield>
  <datafield tag="856" ind1="4" ind2="2">
    <subfield code="u">http://www.strathearnherald.co.uk/</subfield>
    <subfield code="z">Strathearn herald - Online access</subfield>
  </datafield>
  <datafield tag="942" ind1=" " ind2=" ">
    <subfield code="2">ddc</subfield>
    <subfield code="c">CR</subfield>
  </datafield>
  <datafield tag="956" ind1=" " ind2=" ">
    <subfield code="a">NLS</subfield>
  </datafield>
  <datafield tag="999" ind1=" " ind2=" ">
    <subfield code="c">119</subfield>
    <subfield code="d">119</subfield>
  </datafield>
  <datafield tag="952" ind1=" " ind2=" ">
    <subfield code="0">0</subfield>
    <subfield code="1">0</subfield>
    <subfield code="4">0</subfield>
    <subfield code="7">0</subfield>
    <subfield code="8">REF</subfield>
    <subfield code="a">CPL</subfield>
    <subfield code="b">CPL</subfield>
    <subfield code="c">GEN</subfield>
    <subfield code="d">2014-09-04</subfield>
    <subfield code="p">39999000004793</subfield>
    <subfield code="r">2014-09-04 00:00:00</subfield>
    <subfield code="w">2014-09-04</subfield>
    <subfield code="y">BK</subfield>
  </datafield>
</record>
